Sub-contractors; invitation to tender and adjudication of quotations (Record no. 99094)

MARC details
000 -LEADER
fixed length control field 00563cam a2200205 4500
001 - CONTROL NUMBER
control field D5866
008 - FIXED-LENGTH DATA ELEMENTS--GENERAL INFORMATION
fixed length control field 090401t1973 xxu||||| |||| 00| 0 eng d
035 ## - SYSTEM CONTROL NUMBER
System control number (Sirsi) u98124
041 ## - LANGUAGE CODE
Language code of text/sound track or separate title eng
050 ## - LIBRARY OF CONGRESS CALL NUMBER
Classification number 692.9
110 ## - MAIN ENTRY--CORPORATE NAME
Corporate name or jurisdiction name as entry element Institute of Building
9 (RLIN) 2440
245 ## - TITLE STATEMENT
Title Sub-contractors; invitation to tender and adjudication of quotations
260 ## - PUBLICATION, DISTRIBUTION, ETC.
Place of publication, distribution, etc. Ascot
Name of publisher, distributor, etc. IOB
Date of publication, distribution, etc. 1973
300 ## - PHYSICAL DESCRIPTION
Extent 10p. 30cm
350 ## - PRICE (NR) (BK AM CF MU VM SE) [OBSOLETE]
Price 0.45
490 ## - SERIES STATEMENT
Series statement Estimating Information Service
Volume/sequential designation 7
710 ## - ADDED ENTRY--CORPORATE NAME
Corporate name or jurisdiction name as entry element Estimating Section. Southampton Group
9 (RLIN) 2447
942 ## - ADDED ENTRY ELEMENTS (KOHA)
Suppress in OPAC 0
948 ## - LOCAL PROCESSING INFORMATION (OCLC); SERIES PART DESIGNATOR (RLIN)
c (OCLC) 04/03/1997
Holdings
Withdrawn status Lost status Source of classification or shelving scheme Damaged status Not for loan Home library Current library Shelving location Date acquired Total Checkouts Full call number Barcode Date last seen Copy number Price effective from Koha item type
    Other/Generic Classification Scheme     London London Boxed set 30/08/2002   BOXED SET 98124-1001 06/08/2019 1 06/08/2019 Book